| 000 | 00505nam a2200181Ia 4500 | ||
|---|---|---|---|
| 005 | 20250508163912.0 | ||
| 008 | 008 250505s9999 xx 000 0 eng d | ||
| 037 | _aTextual | ||
| 040 |
_aFEDL _beng _cFEDL |
||
| 041 |
_aeng _2eng |
||
| 084 |
_a374, MOH _qFEDL |
||
| 100 | _aMohanty Jagannath | ||
| 245 | 0 | _aAdult and non-formal education | |
| 260 |
_aNew Delhi, India _bDeep and Deep Publications _c2002 |
||
| 300 | _axix,532p. | ||
| 942 |
_cTEXL _h374, MOH |
||
| 999 |
_c1385877 _d1385877 |
||